000 02024nam a2200397 a 4500
999 _c78360
_d78360
003 BLK
005 20241111121747.0
008 180408b bul|||||r ||||||| ||bul||
010 _aKNG00082826000
020 _a978-954-739-989-1
040 _aBLK
041 _aBUL
_cBUL
072 7 _2bullib
_aН84
_xБългарска художествена литература Н
080 _aБългарска литература
_b821.163.2
_x-94
_z821.163.2-94
080 _aЛитература на отделни езици и езикови семейства
_b821
_x(092)(0:82-94)
_z821(092)(0:82-94)
080 _aЛитература на отделни езици и езикови семейства
_b821
_x-1
_z821-1
080 _aБиографии
_b929
_x(100)
_z929(100)
100 1 _aВълчев, Найден Станев
_eпърви автор
_9368316
139 _aВълчев, Найден Станев
_bВ 95
245 1 0 _aПопътни срещи
_bКн. 1 -
_cНайден Станев Вълчев.
_nКн. 2
257 _aBGR
260 _aСофия
_bЗахарий Стоянов
_c2007 -
_fСофия : УИ Св. Кл. Охридски
_9209473
_n978-954-739- ; 978-954-09- ; 954-9559-
300 _c20 см
380 _aX
500 _aОфс. изд.
653 _aесета
659 _aН
760 1 _aВълчев, Найден Станев
_dЗахарий Стоянов, 2007
_h280 с.
_nСъдържа произведения и очерци за А. С. Пушкин, Ад. Мицкевич, Ал. Твардовски, В. Биков, К. Симонов, М. Шагал, М. Гусовски, М. Исаковски, М. Ю. Лермонтов, Низами, О. Хайям.
_tКн. 2
852 _aЦб 237956
856 4 _qpdf
_i0.00
_ldisable
856 4 _qpdf
_i0.00
_ldisable
942 _cKNG
_n0
_03
_s1
944 _aCR
_c02.04.2008
_lПравда Бадева
_k30567
944 _aED
_c14.04.2015
_lф /
_kЛюдмила_Стоянова
999 _d78360